Men in Black: Characters by Picture - Statistics

General Stats
  • This quiz has been taken 31 times
  • The average score is 8 of 30
Answer Stats
Picture Answer % Correct
Agent J
96%
Agent K
96%
Agent M
64%
Agent H
60%
Agent M
48%
Boris the Animal
44%
Chief Zed
40%
Agent O
36%
Frank the Pug
32%
High T
32%
Agent W
24%
Agent C
20%
Agent D
20%
Edgar the Bug
20%
Jeff
20%
Serleena Xath
20%
Agent X
16%
Colonel James Darrell Edwards II
16%
Agent A
12%
Griffin
12%
Jack Jeebs
12%
Jarra
12%
Jeffrey Prince
12%
Laura Vasquez
12%
Scrad & Charlie
12%
Worms
12%
Gentle Rosenburg
8%
Riza Stavros
8%
Vungus the Ugly
8%
Pawny
4%
No matching quizzes found
Score Distribution
Percent of People with Each Score
Percentile by Number Answered
Your Score History
You have not taken this quiz